<?xml version="1.0" encoding="UTF-8"?><?xml-stylesheet type="text/xsl" href="static/style.xsl"?><OAI-PMH xmlns="http://www.openarchives.org/OAI/2.0/" xmlns:xsi="http://www.w3.org/2001/XMLSchema-instance" xsi:schemaLocation="http://www.openarchives.org/OAI/2.0/ http://www.openarchives.org/OAI/2.0/OAI-PMH.xsd"><responseDate>2026-04-27T14:33:57Z</responseDate><request verb="GetRecord" identifier="oai:uvadoc.uva.es:10324/82500" metadataPrefix="marc">https://uvadoc.uva.es/oai/request</request><GetRecord><record><header><identifier>oai:uvadoc.uva.es:10324/82500</identifier><datestamp>2026-02-03T20:02:48Z</datestamp><setSpec>com_10324_38</setSpec><setSpec>col_10324_852</setSpec></header><metadata><record xmlns="http://www.loc.gov/MARC21/slim" xmlns:doc="http://www.lyncode.com/xoai" xmlns:xsi="http://www.w3.org/2001/XMLSchema-instance" xmlns:dcterms="http://purl.org/dc/terms/" xsi:schemaLocation="http://www.loc.gov/MARC21/slim http://www.loc.gov/standards/marcxml/schema/MARC21slim.xsd">
<leader>00925njm 22002777a 4500</leader>
<datafield tag="042" ind1=" " ind2=" ">
<subfield code="a">dc</subfield>
</datafield>
<datafield tag="720" ind1=" " ind2=" ">
<subfield code="a">Martínez Peñaranda, Paula</subfield>
<subfield code="e">author</subfield>
</datafield>
<datafield tag="260" ind1=" " ind2=" ">
<subfield code="c">2025</subfield>
</datafield>
<datafield tag="520" ind1=" " ind2=" ">
<subfield code="a">El presente Trabajo de Fin de Grado tiene como objetivo la realización de una&#xd;
intervención en Trastorno de los Sonidos del Habla (TSH) a través de la metodología del&#xd;
Aprendizaje Basado en Juego (ABJ). El TSH, es un trastorno del habla que afecta a la&#xd;
pronunciación de uno o varios sonidos, provocando dificultades en la expresión y&#xd;
comunicación de los niños. Por ello, y, en busca de la motivación del alumnado,&#xd;
utilizaremos el juego como herramienta pedagógica que contribuya a la mejora de la&#xd;
articulación.&#xd;
Para ello, comienza una fundamentación teórica en la que se realiza un repaso por los&#xd;
autores más relevantes tanto en TSH como en ABJ, para proseguir con la programación&#xd;
de una propuesta de intervención, así como las conclusiones que podrían extraerse de su&#xd;
realización.</subfield>
</datafield>
<datafield tag="520" ind1=" " ind2=" ">
<subfield code="a">This Final Degree Project presents as objetive an intervention in Speech Sound Disorder&#xd;
(SSD) through the methodology of Game-Based Learning (GBL). SSD is a speech&#xd;
disorder that affects the pronunciation of one or more sounds, causing difficulties in the&#xd;
expression and communication of children. Therefore, and with the aim of motivating&#xd;
students, I use play as a pedagogical tool to contribute to the improvement of articulation.&#xd;
To achieve this, it begins with a theoretical foundation in which a review of the most&#xd;
relevant authors on both SSD and GBL is conducted, followed by the development of an&#xd;
intervention proposal, as well as the conclusions that could be drawn from its&#xd;
implementation.</subfield>
</datafield>
<datafield tag="024" ind2=" " ind1="8">
<subfield code="a">https://uvadoc.uva.es/handle/10324/82500</subfield>
</datafield>
<datafield tag="245" ind1="0" ind2="0">
<subfield code="a">Propuesta de intervención en trastorno de los sonidos del habla a través de la metodología basada en el juego</subfield>
</datafield>
</record></metadata></record></GetRecord></OAI-PMH>